000 00334nam a2200121Ia 4500
003 GCL
008 140319s9999 xx 000 0 ara d
040 _aGCL /
_cGCL
082 0 4 _a920.71
_bع ر
100 1 _aعباس محمود العقاد
245 1 0 _aرجال عرفتهم /
_cعباس محمود العقاد
490 _aكتاب
_v0
999 _c42583
_d42583